000 01286cam a22003617a 4500
003 CHAP
005 20220817042248.0
008 971013s1994 r 00010 d
010 _a38973
011 _a39945
035 _a44070
040 _cCHAP
090 _aTesis
100 0 0 _aArellano Monterrosas, José Luis Leobardo.
_96920
245 1 3 _aLa degradación del suelo por erosión hídrica en Chiapas
_b: evaluación y principios tecnológicos para su control
260 _aChapingo, Méx. :
_bEl autor,
_c1994
300 _a360 p.
_b: ilus.
502 _aTesis (Ing. Agr. Esp. en Irrigación) -- UACH. Departamento de Irrigación
590 _aALEPH
_b10
_c20130110
_lUCH01
_h1305
590 _aBATCH-UPD
_b10
_c20130110
_lUCH01
_h1612
590 _aBATCH-UPD
_b10
_c20130410
_lUCH01
_h1008
590 _aBATCH-UPD
_b10
_c20130914
_lUCH01
_h1316
590 _aCONVERSION
_b10
_c20130109
_lUCH01
_h1322
650 4 _aErosión hídrica.
650 1 4 _aErosión
_xPrevención y control.
_937337
650 1 4 _aSuelos
_xChiapas.
_9110236
650 1 4 _aSuelos
_xConservación
_xChiapas.
_9110290
650 1 4 _aSuelos
_xDegradación.
_9110336
901 _aBK
942 _cFOLL
949 _bBC
_cTES
_d-100831
_eTS1
_h27457
_i44070
_si
949 _bBC
_cTES
_d-100832
_eTS2
_fc.2
_h27458
_i44070
_si
999 _c38973
_d38973